| 000 | 01197nam0a2200325 i 4500 | ||
|---|---|---|---|
| 001 | RU\NLR\BIBL_A\010297203 | ||
| 005 | 20240921152846.0 | ||
| 010 |
_a9785444801192 _92000 |
||
| 021 |
_aRU _b2014-4006 _9244 |
||
| 035 | _a(NILC)RuMoRGB-006736087 | ||
| 035 | _a(NLR Aleph) 010297203 | ||
| 090 |
_a10575856 _c10575856 |
||
| 100 | _a20140324d2013 um y0rusy50 ca | ||
| 101 | 0 | _arus | |
| 102 | _aRU | ||
| 105 | _aa|||z|||000ay | ||
| 200 | 1 |
_aАнтология современной швейцарской драматургии _f[сост.: Александра фон Аркс, Святослав Городецкий] |
|
| 210 |
_aМосква _cНовое Литературное Обозрение _d2013 |
||
| 215 |
_a490, [1] с. _cил. _d21 |
||
| 686 | 1 | _aШ6(4Ш)167-6я43(Лх1398) | |
| 686 | 1 | _aШ6(4Ш)267-6я43(Лх1410) | |
| 686 | 1 | _aШ6(4Ш)367-6я43(Лх1400) | |
| 686 | 1 | _aШ6(4Ш)467-6я43(Лх1385) | |
| 702 | 1 |
_4220 _aАркс _bА. фон _gАлександра фон _9140576 _3RU\NLR\AUTH\770140612 |
|
| 801 | 0 |
_aRU _bРГБ _c20140210 _gRCR |
|
| 942 | _cBOOK | ||
| 980 | _aNBR | ||